000 01323cam a22004334i 4500
003 PE-LiUPU
005 20250731165537.0
008 150625s r 000 0 d
035 _a(Sirsi) a32298
040 _aPE-LiUPU
_bspa
_cPE-LiUPU
_erda
082 0 4 _a103
_bU72
_221
100 1 _aUrmson, J. O.,
_eautor.
245 1 4 _aThe concise encyclopedia of western philosophy and philosophers.
264 1 _aBoston :
_bJ.O.Urmson & Jonathan Rée,
_c1991.
300 _a331 páginas ;
_c21 cm.
336 _atext
_2rdacontent
337 _aunmediated
_2rdamedia
338 _avolume
_2rdacarrier
505 0 _aDesde A-Z.
526 _aSEG44
526 _aSEG26
526 _aP151
526 _aP150
526 _aP149
526 _aP146
526 _aP145
526 _aP126
526 _aP125
526 _aP92
526 _aP75
526 _aP74
526 _aP27
526 _aP15
942 _2ddc
_cBOOK
949 _aRC 103 U72
_wDEWEY
_c1
_i36239
_lCCODEBUL1
_mBUL
_p00.00
_r0
_sY
_tBOOK
_u2015-06-25
_xBIBLIOTECA
_zUNKNOWN
_0COMPRA
_o.STAFF. Colección General
596 _a1
999 _aRC 103 U72
_wDEWEY
_c39934
_i36239
_f2021-11-4
_g5
_lCCODEBUL1
_mBUL
_r0
_sY
_tBOOK
_u2015-6-25
_xBIBLIOTECA
_zUNKNOWN
_0COMPRA
_o.STAFF. Colección General
_d39934
980 _81
_gALBERTO SANCHEZ Responsable de Automatización